| 000 | 00644nam a22001697a 4500 | ||
|---|---|---|---|
| 999 |
_c61512 _d61512 |
||
| 005 | 20240321101229.0 | ||
| 008 | 240321s2022 ge ||||| |||| 00| 0 geo d | ||
| 022 | _a1512357X | ||
| 041 | _ageo | ||
| 245 |
_aბიზნესი და მენეჯმენტი : _b2022 / _cრედ: თემურ იობაშვილი. |
||
| 260 |
_aთბილისი, _c2022. |
||
| 300 | _aV. | ||
| 653 | _aბიზნესი და მენეჯმენტი | ||
| 653 | _aპერიოდიკა | ||
| 700 |
_aიობაშვილი, თემურ _eრედაქტორი _99945 |
||
| 942 |
_2udc _cᲬᲘᲒᲜᲘ |
||